| Tag |
First Indicator |
Second Indicator |
Subfields |
| LEADER |
00000cam a2200000 a 4500 |
| 001 |
in00000091564 |
| 005 |
20151008064022.0 |
| 008 |
791204s1978 it a s i00010 eng d |
| 020 |
|
|
|a 0925100675
|
| 035 |
|
|
|a (OCoLC)05760375
|
| 035 |
|
|
|9 AAK3370AM
|
| 040 |
|
|
|a IXA
|c IXA
|d m.c.
|d TXA
|d UtOrBLW
|
| 049 |
|
|
|a TXAM
|c [1167189]
|
| 090 |
|
|
|a SH331
|b .F2 no. 211
|
| 110 |
2 |
|
|a Western Central Atlantic Fishery Commission.
|b Working Party on Assessment of Fish Resources.
|
| 245 |
1 |
0 |
|a Report of the Joint Meeting of the Western Central Atlantic Fishery Commission Working Party on Assessment of Fish Resources and Working Party on Stock Assessment of Shrimp and Lobster Resources, Cartagena, Colombia, 18-23 November 1977.
|
| 264 |
|
1 |
|a Rome :
|b Food and Agriculture Organization of the United Nations,
|c 1978.
|
| 300 |
|
|
|a v, 103 pages :
|b illustrations ;
|c 28 cm.
|
| 336 |
|
|
|a text
|b txt
|2 rdacontent
|
| 337 |
|
|
|a unmediated
|b n
|2 rdamedia
|
| 338 |
|
|
|a volume
|b nc
|2 rdacarrier
|
| 490 |
1 |
|
|a FAO fisheries reports;
|v no. 211
|
| 500 |
|
|
|a "FID/R211 (En)"
|
| 650 |
|
0 |
|a Fisheries
|v Statistics
|x Congresses.
|
| 650 |
|
0 |
|a Lobster fisheries
|x Statistics
|x Congresses.
|
| 650 |
|
0 |
|a Shrimp fisheries
|x Statistics
|x Congresses.
|
| 710 |
2 |
|
|a Western Central Atlantic Fishery Commission.
|b Working Party on Stock Assessment of Shrimp and Lobster Resources.
|
| 710 |
2 |
|
|a Food and Agriculture Organization of the United Nations.
|
| 830 |
|
0 |
|a FAO fisheries report ;
|v no. 211.
|
| 999 |
|
|
|a MARS
|
| 999 |
f |
f |
|s 4b14bfbf-f154-3e4c-a383-377c2daf68f1
|i 4060e392-6721-37d0-a97e-38b6848a8ba2
|t 0
|
| 952 |
f |
f |
|p ric
|a Texas A&M University
|b Rellis Campus
|c Joint Library Facility
|d Remote Storage
|t 0
|e SH331 .F2 no. 211
|h Library of Congress classification
|i unmediated -- volume
|m A14806239311
|
| 998 |
f |
f |
|a SH331 .F2 no. 211
|t 0
|l Remote Storage
|